Tilastot visalle G7-maat

Klikkaa tästä pelataksesi tätä visaa!

Yleistilastot

  • Tätä visaa on pelattu 13 kertaa
  • Keskiarvotulos 7 / 7

Vastaustilastot

% Oikein
Kanada
100%
Ranska
100%
Saksa
100%
Yhdistynyt kuningaskunta
100%
Yhdysvallat
100%
Italia
92%
Japani
85%

Tulosjakauma

Persentiili vastausten määrän mukaan

Jokaisen tuloksen saaneiden osuus

Tuloshistoriasi

Et ole pelannut tätä visaa